| 000 | 00823nam a22002297a 4500 | ||
|---|---|---|---|
| 005 | 20170124110152.0 | ||
| 010 | _aA-947189 | ||
| 020 |
_c00.00 _a8186982019 |
||
| 035 | _aA-947189 | ||
| 037 | _bCen Lib/Ret | ||
| 040 |
_aDPL _bEN |
||
| 082 |
_a658.4038 _bBRA |
||
| 100 |
_aBraithwaite, Timothy _934182 |
||
| 245 |
_aThe power of IT : _cby Timothy Braithwaite _bmaximizing your technology investments / |
||
| 260 |
_aMumbai _bBusiness Publications _c1997 |
||
| 270 |
_a229/A, Second floor, Krantiveer Rajguru Marg, Girgaon _bMumbai _e400004 |
||
| 300 |
_axi,150p. : _c21cm(Hb) _bill. |
||
| 500 | _aIncludes bibliographical references and index | ||
| 650 |
_aInformation resources management _934183 |
||
| 650 |
_aInformation technology--Management _934184 |
||
| 942 |
_2ddc _cEN _h658.4038 _mBRA |
||
| 999 |
_c132271 _d132271 |
||